[Event "Tradewise Gibraltar Master 2015"]
[Site "Gibraltar ENG"]
[Date "2015.02.02"]
[Round "7.74"]
[White "Nuri, Kambez"]
[Black "Boyer Censore, Giuseppe Enmanu"]
[Result "1/2-1/2"]
[WhiteElo "2305"]
[BlackElo "1960"]
[PlyCount "83"]
[EventDate "2015.01.27"]
[EventType "swiss"]
[EventRounds "10"]
[EventCountry "ENG"]
[Source "lmi"]
[SourceDate "2015.01.27"]

1. e4 c5 2. Nc3 Nc6 3. Nge2 e6 4. g3 Nf6 5. Bg2 Be7 6. O-O O-O 7. d4 cxd4 8.
Nxd4 a6 9. Be3 Ne5 10. Qe2 d6 11. Rad1 Qc7 12. Kh1 Nfd7 13. Bc1 b5 14. f4 Nc4
15. f5 Ndb6 16. fxe6 Bxe6 17. Nxe6 fxe6 18. Qg4 e5 19. b3 b4 20. Ne2 Na5 21.
Bh6 Bf6 22. Qe6+ Kh8 23. Qxd6 Qxd6 24. Rxd6 Nc8 25. Re6 Ne7 26. c3 Nac6 27.
cxb4 Nxb4 28. Bd2 a5 29. a3 Nbc6 30. Be3 Rfd8 31. Bc5 Rd2 32. Nc3 Rd3 33. Nd5
Nxd5 34. exd5 Nd4 35. Rexf6 gxf6 36. Be7 f5 37. Bf6+ Kg8 38. Bxe5 Re8 39. Bxd4
Rxd4 40. Rxf5 Re3 41. d6 Rd1+ 42. Rf1 1/2-1/2

[Event "Tradewise Gibraltar Master 2015"]
[Site "Gibraltar ENG"]
[Date "2015.02.02"]
[Round "7.75"]
[White "Yu, Jonathan"]
[Black "Olsarova, Tereza"]
[Result "1-0"]
[WhiteElo "2081"]
[BlackElo "2288"]
[PlyCount "77"]
[EventDate "2015.01.27"]
[EventType "swiss"]
[EventRounds "10"]
[EventCountry "ENG"]
[Source "lmi"]
[SourceDate "2015.01.27"]

1. e4 e5 2. Nf3 Nc6 3. Bc4 Bc5 4. c3 Nf6 5. d3 O-O 6. Bb3 a6 7. Nbd2 d6 8. h3
Ba7 9. Nf1 h6 10. Be3 Ne7 11. Bxa7 Rxa7 12. Ng3 c5 13. O-O Ng6 14. a4 b6 15.
Re1 Nh7 16. d4 Qf6 17. Bc4 Nf4 18. Re3 g5 19. dxe5 dxe5 20. Nf5 Rd8 21. Qf1 Nf8
22. g3 Nh5 23. Kg2 Kh7 24. Rd1 Rxd1 25. Qxd1 Ng6 26. Nh2 Bb7 27. Qxh5 Qxf5 28.
Ng4 Bxe4+ 29. Kh2 b5 30. Qxh6+ Kg8 31. axb5 axb5 32. Bxb5 Ra1 33. Rxe4 Qf3 34.
Nf6+ Qxf6 35. f4 Qd8 36. Bc4 Qd2+ 37. Re2 Qd6 38. f5 Ra4 39. fxg6 1-0

[Event "Tradewise Gibraltar Master 2015"]
[Site "Gibraltar ENG"]
[Date "2015.02.02"]
[Round "7.76"]
[White "Blomqvist, Erik"]
[Black "Schneider, German"]
[Result "1/2-1/2"]
[WhiteElo "2520"]
[BlackElo "2150"]
[PlyCount "101"]
[EventDate "2015.01.27"]
[EventType "swiss"]
[EventRounds "10"]
[EventCountry "ENG"]
[Source "lmi"]
[SourceDate "2015.01.27"]

1. e4 c5 2. Nf3 d6 3. d4 cxd4 4. Nxd4 Nf6 5. Nc3 a6 6. h3 e5 7. Nb3 h5 8. Be3
Be6 9. f4 Qc7 10. f5 Bc4 11. Bxc4 Qxc4 12. Qf3 Nbd7 13. O-O-O O-O-O 14. g4 hxg4
15. hxg4 Rxh1 16. Rxh1 d5 17. Nxd5 Qxe4 18. Qxe4 Nxe4 19. c4 Ndc5 20. Nxc5 Nxc5
21. Bxc5 Bxc5 22. Rh7 b5 23. b3 bxc4 24. bxc4 Rg8 25. Kd2 f6 26. Kd3 Kd8 27.
Ke4 Ba3 28. Rh3 Bc5 29. Rh7 Ba3 30. Kd3 Bd6 31. a4 Ke8 32. Rh1 Kd7 33. a5 Bc7
34. Ke4 Bd6 35. Rb1 Rb8 36. Rxb8 Bxb8 37. Nb4 Bd6 38. Nxa6 Kc6 39. Kd3 Kb7 40.
c5 Be7 41. Nb4 Bxc5 42. Nd5 Ka6 43. Nc7+ Kxa5 44. Kc4 Be3 45. Ne6 Bh6 46. Kd5
Kb4 47. g5 fxg5 48. Kxe5 g4 49. Ke4 Kc4 50. Nxg7 Bxg7 51. Kf4 1/2-1/2

[Event "Tradewise Gibraltar Master 2015"]
[Site "Gibraltar ENG"]
[Date "2015.02.02"]
[Round "7.77"]
[White "Herman, Diego"]
[Black "Santiago, Yago De Moura"]
[Result "0-1"]
[WhiteElo "2148"]
[BlackElo "2406"]
[PlyCount "36"]
[EventDate "2015.01.27"]
[EventType "swiss"]
[EventRounds "10"]
[EventCountry "ENG"]
[Source "lmi"]
[SourceDate "2015.01.27"]

1. Nc3 d5 2. Nf3 Nf6 3. e3 g6 4. b3 Bg7 5. Bb2 O-O 6. d4 b6 7. Bd3 Bb7 8. O-O
Nbd7 9. Qe2 c5 10. Rad1 a6 11. e4 cxd4 12. Nxd5 Nxd5 13. exd5 Bxd5 14. Nxd4 e5
15. Nf3 e4 16. Bxe4 Bxe4 17. Qxe4 Bxb2 18. Qc6 Ra7 0-1

[Event "Tradewise Gibraltar Master 2015"]
[Site "Gibraltar ENG"]
[Date "2015.02.02"]
[Round "7.78"]
[White "Vojinovic, Jovana"]
[Black "Burrows, Martin P"]
[Result "1/2-1/2"]
[WhiteElo "2301"]
[BlackElo "2136"]
[PlyCount "104"]
[EventDate "2015.01.27"]
[EventType "swiss"]
[EventRounds "10"]
[EventCountry "ENG"]
[Source "lmi"]
[SourceDate "2015.01.27"]

1. d4 Nf6 2. Nc3 d5 3. Bf4 c5 4. e3 cxd4 5. exd4 a6 6. Nf3 Bg4 7. h3 Bxf3 8.
Qxf3 e6 9. O-O-O Nc6 10. g4 Bd6 11. Bxd6 Qxd6 12. g5 Nd7 13. h4 b5 14. h5 O-O
15. Kb1 Na5 16. Ne2 Nc4 17. Nf4 Qb4 18. Bxc4 bxc4 19. c3 Qd6 20. Qe3 Rae8 21.
Rh4 f5 22. gxf6 Rxf6 23. Qg3 Rf7 24. Rg1 Nf6 25. f3 e5 26. Ne2 Qe6 27. Qg5 exd4
28. Nxd4 Qe3 29. Qxe3 Rxe3 30. Nf5 Rxf3 31. Nh6+ Kf8 32. Nxf7 Kxf7 33. Rgh1 a5
34. R4h3 Rf2 35. Re3 Rf5 36. h6 g5 37. b3 g4 38. Kb2 Rg5 39. Rg1 cxb3 40. axb3
Rh5 41. b4 d4 42. cxd4 axb4 43. Rf1 Rd5 44. Rd3 Kg6 45. Kb3 Rd6 46. Kxb4 Kxh6
47. Kc4 Kg5 48. Ra3 Rc6+ 49. Kb5 Rd6 50. Kc4 Rc6+ 51. Kb5 Rd6 52. Kc4 Rc6+
1/2-1/2

[Event "Tradewise Gibraltar Master 2015"]
[Site "Gibraltar ENG"]
[Date "2015.02.02"]
[Round "7.79"]
[White "Amos, Frank"]
[Black "De Haan, Eric"]
[Result "1-0"]
[WhiteElo "2097"]
[BlackElo "2299"]
[PlyCount "61"]
[EventDate "2015.01.27"]
[EventType "swiss"]
[EventRounds "10"]
[EventCountry "ENG"]
[Source "lmi"]
[SourceDate "2015.01.27"]

1. e4 c5 2. Nf3 e6 3. d4 cxd4 4. Nxd4 Nc6 5. Nc3 Qc7 6. f4 a6 7. Nxc6 Qxc6 8.
Bd3 b5 9. Qe2 Bb7 10. Bd2 Be7 11. a4 b4 12. Na2 Qxa4 13. O-O Qc6 14. c3 bxc3
15. Nxc3 Nf6 16. Rfc1 O-O 17. Na4 d5 18. Rxc6 Bxc6 19. e5 Ne4 20. Be3 Rab8 21.
Bxe4 dxe4 22. Bc5 Rfe8 23. Bxe7 Rxe7 24. Nc3 Reb7 25. Qxa6 Rb6 26. Qc4 e3 27.
Ra6 Rxa6 28. Qxa6 Ra8 29. Qd3 Ra1+ 30. Nb1 h5 31. Kf1 1-0

[Event "Tradewise Gibraltar Master 2015"]
[Site "Gibraltar ENG"]
[Date "2015.02.02"]
[Round "7.80"]
[White "Vanheirzeele, Daniel"]
[Black "Buchal, Stephan"]
[Result "1/2-1/2"]
[WhiteElo "2091"]
[BlackElo "2273"]
[PlyCount "59"]
[EventDate "2015.01.27"]
[EventType "swiss"]
[EventRounds "10"]
[EventCountry "ENG"]
[Source "lmi"]
[SourceDate "2015.01.27"]

1. d4 g6 2. e4 Bg7 3. c4 d6 4. Nc3 Nf6 5. Nf3 O-O 6. Be2 Na6 7. O-O e5 8. Be3
Ng4 9. Bg5 Qe8 10. Re1 exd4 11. Nd5 d3 12. Bxd3 Bxb2 13. Rb1 Bg7 14. c5 h6 15.
Bxa6 hxg5 16. Nxc7 Qc6 17. Qxd6 Qxd6 18. cxd6 Rb8 19. e5 Bf5 20. Rxb7 Rxb7 21.
Bxb7 Rb8 22. h3 Nxe5 23. Nxe5 Rxb7 24. g4 Bc8 25. Nf3 Bf8 26. Nxg5 Bxd6 27.
Re8+ Kg7 28. Rxc8 Bxc7 29. Ne4 f5 30. Nc5 1/2-1/2

[Event "Tradewise Gibraltar Master 2015"]
[Site "Gibraltar ENG"]
[Date "2015.02.02"]
[Round "7.81"]
[White "Michalowski, Peter"]
[Black "Viana, Dirceu"]
[Result "1/2-1/2"]
[WhiteElo "2024"]
[BlackElo "2268"]
[PlyCount "120"]
[EventDate "2015.01.27"]
[EventType "swiss"]
[EventRounds "10"]
[EventCountry "ENG"]
[Source "lmi"]
[SourceDate "2015.01.27"]

1. e4 e6 2. d4 d5 3. Nc3 Nf6 4. Bg5 Be7 5. e5 Nfd7 6. h4 Bxg5 7. hxg5 Qxg5 8.
Qd3 g6 9. Nf3 Qe7 10. Rh6 Nc6 11. O-O-O Nf8 12. Qe3 Bd7 13. Bd3 O-O-O 14. Qf4
Be8 15. Rdh1 Nb4 16. Ng5 Nxd3+ 17. cxd3 b6 18. Nxh7 Nxh7 19. Rxh7 Rxh7 20. Rxh7
c5 21. Kb1 Kb8 22. Rh1 Rc8 23. Rc1 c4 24. dxc4 Rxc4 25. b3 Rc8 26. Kb2 Kb7 27.
g3 Bd7 28. Ne2 Rxc1 29. Qxc1 a5 30. a3 Be8 31. f4 Bb5 32. Nc3 Ba6 33. Qh1 Kc7
34. Qh8 Kb7 35. Qf6 Qc7 36. Qh4 Bd3 37. Qh2 Qd8 38. Qd2 Ba6 39. Na4 Bb5 40. Nc3
Ba6 41. Qh2 Bd3 42. Qh7 Qc7 43. Qh1 Qd8 44. Qh2 Qc7 45. Nd1 Qd8 46. Nf2 Bb5 47.
Ng4 a4 48. Qh7 Qc7 49. Ne3 axb3 50. Qh2 Bc4 51. Qd2 Qc6 52. Qb4 Ka6 53. Nd1 Be2
54. Nc3 Bc4 55. Qe7 Qb7 56. Qb4 Qd7 57. Qf8 Kb7 58. Qb4 Qc7 59. Na4 Ka7 60. Nc3
Kb7 1/2-1/2

[Event "Tradewise Gibraltar Master 2015"]
[Site "Gibraltar ENG"]
[Date "2015.02.02"]
[Round "7.83"]
[White "Semprun Martinez, Fernando"]
[Black "Verneuil, Pascal"]
[Result "1-0"]
[WhiteElo "2253"]
[BlackElo "2093"]
[PlyCount "97"]
[EventDate "2015.01.27"]
[EventType "swiss"]
[EventRounds "10"]
[EventCountry "ENG"]
[Source "lmi"]
[SourceDate "2015.01.27"]

1. e4 c5 2. Nc3 Nc6 3. Nge2 g6 4. d4 cxd4 5. Nxd4 Bg7 6. Be3 d6 7. Qd2 a6 8. f3
Nf6 9. O-O-O O-O 10. g4 Ne5 11. g5 Nh5 12. Be2 b5 13. f4 Nc4 14. Bxc4 bxc4 15.
Qe2 Bb7 16. Qxc4 Rc8 17. Qd3 e5 18. fxe5 dxe5 19. Nb3 Nf4 20. Qxd8 Rcxd8 21.
Nc5 Bc8 22. Nd5 Nxd5 23. exd5 Bg4 24. Rd2 Bf3 25. Rf1 e4 26. d6 Rb8 27. c3 Rfd8
28. Nxa6 Rbc8 29. Bb6 Be5 30. Bxd8 Rxd8 31. Kc2 Rxd6 32. Rxd6 Bxd6 33. Nb4 Bxh2
34. Nd5 h5 35. gxh6 Kh7 36. Nf6+ Kxh6 37. Rxf3 exf3 38. Ng4+ Kh5 39. Nxh2 f2
40. Kd2 Kh4 41. Ke2 Kg3 42. Nf1+ Kg2 43. a4 f5 44. a5 f4 45. Nd2 f3+ 46. Ke3 g5
47. a6 g4 48. a7 g3 49. a8=Q 1-0

[Event "Tradewise Gibraltar Master 2015"]
[Site "Gibraltar ENG"]
[Date "2015.02.02"]
[Round "7.84"]
[White "Spence, David J"]
[Black "Compton, Alistair"]
[Result "1/2-1/2"]
[WhiteElo "2231"]
[BlackElo "2071"]
[PlyCount "127"]
[EventDate "2015.01.27"]
[EventType "swiss"]
[EventRounds "10"]
[EventCountry "ENG"]
[Source "lmi"]
[SourceDate "2015.01.27"]

1. e4 e6 2. d4 d5 3. Nc3 Bb4 4. e5 Ne7 5. a3 Bxc3+ 6. bxc3 b6 7. Qg4 Ng6 8. h4
h5 9. Qd1 Qd7 10. Bd3 Ba6 11. Ne2 Bxd3 12. cxd3 Qc6 13. Bd2 Nd7 14. Ng3 O-O-O
15. f4 Rh7 16. a4 a5 17. Qf3 f6 18. exf6 Nxf6 19. f5 exf5 20. Qxf5+ Nd7 21. O-O
Rhh8 22. Rae1 Rde8 23. Qg5 Rxe1 24. Bxe1 Rf8 25. Nxh5 Rxf1+ 26. Kxf1 Qd6 27.
Bg3 Qf8+ 28. Kg1 Qf7 29. c4 dxc4 30. dxc4 Ngf8 31. d5 g6 32. Nf4 Nc5 33. Qg4+
Qf5 34. Qxf5+ gxf5 35. h5 Kd7 36. Kf2 Nxa4 37. Ng6 Nh7 38. Ne5+ Ke8 39. Nd3 Nf6
40. Bxc7 Nxh5 41. Be5 Kf7 42. Ke3 Nf6 43. Kd4 Nd7 44. Bc7 Ke7 45. g3 Kf7 46.
Ne5+ Ke7 47. Nc6+ Kf7 48. Na7 Kf6 49. Bd8+ Kf7 50. Nb5 Kg6 51. Nd6 Ndc5 52. Nc8
Nd7 53. Bc7 Kf7 54. Bd6 Kf6 55. Ba3 Ndc5 56. Bxc5 bxc5+ 57. Kd3 Nb2+ 58. Kc3
Nd1+ 59. Kc2 Ne3+ 60. Kd3 Nf1 61. Nb6 Ke7 62. Ke2 Nxg3+ 63. Kf3 Ne4 64. Kf4
1/2-1/2

[Event "Tradewise Gibraltar Master 2015"]
[Site "Gibraltar ENG"]
[Date "2015.02.02"]
[Round "7.85"]
[White "Perez Garcia, Alejandro"]
[Black "Cawley, Paul F"]
[Result "1-0"]
[WhiteElo "2207"]
[BlackElo "2070"]
[PlyCount "69"]
[EventDate "2015.01.27"]
[EventType "swiss"]
[EventRounds "10"]
[EventCountry "ENG"]
[Source "lmi"]
[SourceDate "2015.01.27"]

1. Nf3 Nf6 2. c4 g6 3. Nc3 Bg7 4. e4 d6 5. d4 O-O 6. Be2 Nbd7 7. Bg5 h6 8. Be3
e5 9. d5 Nc5 10. Qc2 Na6 11. h3 c5 12. a3 Bd7 13. Rb1 Nc7 14. b4 b6 15. g4 Rb8
16. Qd2 Kh7 17. g5 hxg5 18. Bxg5 Rh8 19. Nh2 Qc8 20. f4 Kg8 21. fxe5 dxe5 22.
h4 Nce8 23. Qe3 Nd6 24. O-O Ng4 25. Bxg4 Bxg4 26. bxc5 Nxc4 27. Qf2 Bh3 28.
Qxf7+ Kh7 29. Rf6 Qxc5+ 30. Kh1 Rhf8 31. Qxg6+ Kh8 32. Rg1 Rb7 33. h5 Ne3 34.
Rxf8+ Qxf8 35. Bxe3 1-0

[Event "Tradewise Gibraltar Master 2015"]
[Site "Gibraltar ENG"]
[Date "2015.02.02"]
[Round "7.86"]
[White "Hoffmann, Hendrik"]
[Black "Othman, Mustapha"]
[Result "1-0"]
[WhiteElo "2206"]
[BlackElo "1968"]
[PlyCount "137"]
[EventDate "2015.01.27"]
[EventType "swiss"]
[EventRounds "10"]
[EventCountry "ENG"]
[Source "lmi"]
[SourceDate "2015.01.27"]

1. e4 c5 2. c3 d6 3. d4 Nc6 4. Nf3 Bg4 5. d5 Nb8 6. h3 Bxf3 7. Qxf3 Nd7 8. Be2
g6 9. O-O Bg7 10. Nd2 Ngf6 11. a4 O-O 12. Qg3 Ne8 13. Nc4 f5 14. exf5 gxf5 15.
Bd3 Ne5 16. Bf4 Nxd3 17. Qxd3 Kh8 18. Rfe1 Nf6 19. Re6 Qd7 20. a5 Rf7 21. Rae1
Raf8 22. R1e3 b5 23. axb6 axb6 24. Bg5 Ne4 25. Bh4 b5 26. Na5 c4 27. Qd1 b4 28.
cxb4 Bxb2 29. Nxc4 Bf6 30. Bxf6+ Nxf6 31. Na5 Ne4 32. Qd4+ Kg8 33. Nc6 Rg7 34.
Qxg7+ Kxg7 35. Rxe7+ Qxe7 36. Nxe7 Kf6 37. Nxf5 Rb8 38. Nxd6 Nxd6 39. Re6+ Kf5
40. Rxd6 Rxb4 41. Rh6 Rb7 42. h4 Ke5 43. Rh5+ Kf4 44. Kh2 Kg4 45. Re5 Rb2 46.
f3+ Kxh4 47. Re4+ Kg5 48. Rd4 Rb7 49. d6 Rd7 50. Kg3 Kf5 51. Kh4 Ke5 52. Rd3
Kf4 53. g3+ Kf5 54. f4 Kf6 55. Kg4 Ke6 56. Kf3 Kf5 57. Rd5+ Ke6 58. Ke4 Kf6 59.
Rh5 Rxd6 60. Rh6+ Ke7 61. Rxd6 Kxd6 62. Kf5 Ke7 63. Kg5 Kf7 64. Kh6 Kg8 65. g4
Kh8 66. g5 Kg8 67. g6 Kh8 68. g7+ Kg8 69. f5 1-0

[Event "Tradewise Gibraltar Master 2015"]
[Site "Gibraltar ENG"]
[Date "2015.02.02"]
[Round "7.87"]
[White "Byron, Alan M"]
[Black "Hamer, Martyn"]
[Result "1-0"]
[WhiteElo "2188"]
[BlackElo "2014"]
[PlyCount "47"]
[EventDate "2015.01.27"]
[EventType "swiss"]
[EventRounds "10"]
[EventCountry "ENG"]
[Source "lmi"]
[SourceDate "2015.01.27"]

1. e4 e5 2. Nf3 Nf6 3. Nxe5 d6 4. Nf3 Nxe4 5. Nc3 Nxc3 6. dxc3 Be7 7. Bf4 Nc6
8. Qd2 Bf5 9. O-O-O O-O 10. h3 a5 11. Rg1 a4 12. a3 Ra5 13. Bd3 Bxd3 14. Qxd3
Bf6 15. Rge1 Re8 16. h4 Rxe1 17. Rxe1 Qd7 18. g4 g6 19. g5 Bg7 20. Bg3 Kf8 21.
Qe4 Nd8 22. Nd4 d5 23. Qe3 c5 24. Bd6+ 1-0

[Event "Tradewise Gibraltar Master 2015"]
[Site "Gibraltar ENG"]
[Date "2015.02.02"]
[Round "7.88"]
[White "Whatley, Stephen A J"]
[Black "Veltkamp, Gerben"]
[Result "1-0"]
[WhiteElo "1949"]
[BlackElo "2175"]
[PlyCount "37"]
[EventDate "2015.01.27"]
[EventType "swiss"]
[EventRounds "10"]
[EventCountry "ENG"]
[Source "lmi"]
[SourceDate "2015.01.27"]

1. e4 e5 2. Nf3 Nc6 3. Bc4 Nf6 4. d3 Be7 5. O-O O-O 6. Re1 d6 7. a4 Be6 8. a5
Bxc4 9. dxc4 b6 10. axb6 axb6 11. Rxa8 Qxa8 12. Nc3 Nd7 13. Nd5 Qb7 14. Bg5
Bxg5 15. Nxg5 h6 16. Qg4 Qc8 17. Nf3 Nc5 18. Qxc8 Rxc8 19. b4 1-0

[Event "Tradewise Gibraltar Master 2015"]
[Site "Gibraltar ENG"]
[Date "2015.02.02"]
[Round "7.89"]
[White "Nilsen, Martin"]
[Black "Zimmermann, Rene"]
[Result "0-1"]
[WhiteElo "2011"]
[BlackElo "2172"]
[PlyCount "32"]
[EventDate "2015.01.27"]
[EventType "swiss"]
[EventRounds "10"]
[EventCountry "ENG"]
[Source "lmi"]
[SourceDate "2015.01.27"]

1. e3 Nf6 2. d4 g6 3. Nf3 Bg7 4. c4 O-O 5. Nc3 d6 6. Be2 Nbd7 7. O-O e5 8. b4
Re8 9. d5 a5 10. bxa5 Rxa5 11. Nd2 Nc5 12. Nb3 Nxb3 13. Qxb3 Nd7 14. Qc2 Nc5
15. Ne4 Nxe4 16. Qxe4 Bf5 0-1

[Event "Tradewise Gibraltar Master 2015"]
[Site "Gibraltar ENG"]
[Date "2015.02.02"]
[Round "7.90"]
[White "Barrenechea Bahamonde, Gustavo"]
[Black "Moradi, Kimia"]
[Result "1-0"]
[WhiteElo "2223"]
[BlackElo "1984"]
[PlyCount "63"]
[EventDate "2015.01.27"]
[EventType "swiss"]
[EventRounds "10"]
[EventCountry "ENG"]
[Source "lmi"]
[SourceDate "2015.01.27"]

1. e4 e5 2. Nf3 Nc6 3. Bc4 Bc5 4. b4 Bxb4 5. c3 Be7 6. d4 exd4 7. Qb3 Na5 8.
Bxf7+ Kf8 9. Qa4 c6 10. Bxg8 Kxg8 11. cxd4 b5 12. Qc2 Nc4 13. O-O d6 14. a4 a5
15. axb5 cxb5 16. Nc3 Ba6 17. Nd5 Rc8 18. Rd1 Kf8 19. Qd3 Bb7 20. Nf4 Qd7 21.
d5 Bf6 22. Nd4 b4 23. Nfe6+ Kf7 24. Qh3 Qe8 25. Bg5 a4 26. Bxf6 gxf6 27. Nf5 h5
28. Qg3 Rh7 29. Rac1 h4 30. Qf4 Qg8 31. Rxc4 Rxc4 32. Nxd6+ 1-0

[Event "Tradewise Gibraltar Master 2015"]
[Site "Gibraltar ENG"]
[Date "2015.02.02"]
[Round "7.91"]
[White "Hellwig, Tobias"]
[Black "Ferreira, Oscar Luiz Vieira"]
[Result "1-0"]
[WhiteElo "2172"]
[BlackElo "1980"]
[PlyCount "65"]
[EventDate "2015.01.27"]
[EventType "swiss"]
[EventRounds "10"]
[EventCountry "ENG"]
[Source "lmi"]
[SourceDate "2015.01.27"]

1. d4 g6 2. Nf3 Bg7 3. g3 d6 4. Bg2 Nf6 5. O-O O-O 6. Nbd2 c5 7. c3 cxd4 8.
cxd4 d5 9. Re1 Nc6 10. Qb3 Qd6 11. a3 b6 12. Nf1 Bf5 13. Bf4 Na5 14. Qc3 Qc6
15. Qb4 Qb7 16. Nh4 Be6 17. Nf3 Rac8 18. Rac1 Rc4 19. Rxc4 Nxc4 20. N1d2 Rc8
21. Ng5 a5 22. Qb3 Nxd2 23. Bxd2 Qa6 24. Nxe6 fxe6 25. e4 a4 26. Qb4 Qd3 27.
Qxe7 Rc2 28. Qxe6+ Kh8 29. Bc3 Re2 30. e5 Rxe1+ 31. Bxe1 Qe2 32. Qc8+ Ng8 33.
Bxd5 1-0

[Event "Tradewise Gibraltar Master 2015"]
[Site "Gibraltar ENG"]
[Date "2015.02.02"]
[Round "7.93"]
[White "Lobersli, Henrik Oie"]
[Black "Daneri, Martin"]
[Result "1-0"]
[WhiteElo "1957"]
[BlackElo "2123"]
[PlyCount "99"]
[EventDate "2015.01.27"]
[EventType "swiss"]
[EventRounds "10"]
[EventCountry "ENG"]
[Source "lmi"]
[SourceDate "2015.01.27"]

1. d4 f5 2. c4 Nf6 3. Nf3 g6 4. g3 Bg7 5. Bg2 O-O 6. Nc3 d6 7. O-O Nc6 8. b3 e5
9. dxe5 dxe5 10. e4 fxe4 11. Ng5 Qd4 12. Qe1 Nb4 13. Be3 Qd3 14. Ncxe4 Nc2 15.
Qb1 Rd8 16. Nxf6+ Bxf6 17. Be4 Nxe3 18. Bxd3 Nxf1 19. Ne4 Nd2 20. Nxf6+ Kf7 21.
Qc2 Nf3+ 22. Kg2 Nd4 23. Qd2 Kxf6 24. Qh6 Nf5 25. Bxf5 Bxf5 26. Qh4+ g5 27.
Qh6+ Bg6 28. h4 gxh4 29. Qxh4+ Kf7 30. Re1 Re8 31. Qg5 c6 32. Rxe5 Rxe5 33.
Qxe5 Re8 34. Qf4+ Ke6 35. Qd4 a6 36. g4 Kf7 37. Kg3 Re4 38. Qd2 Re7 39. f4 Be4
40. f5 c5 41. Kf4 Bc6 42. Qd6 Rd7 43. Qe6+ Kf8 44. Kg5 Re7 45. Qd6 Kf7 46. Qxc5
Re4 47. Qd6 Re7 48. Qd8 Re8 49. Qf6+ Kg8 50. Kh6 1-0

[Event "Tradewise Gibraltar Master 2015"]
[Site "Gibraltar ENG"]
[Date "2015.02.02"]
[Round "7.94"]
[White "Rodriguez Alvarez, Vidal"]
[Black "Agbabishvili, Lali"]
[Result "1/2-1/2"]
[WhiteElo "2122"]
[BlackElo "1978"]
[PlyCount "67"]
[EventDate "2015.01.27"]
[EventType "swiss"]
[EventRounds "10"]
[EventCountry "ENG"]
[Source "lmi"]
[SourceDate "2015.01.27"]

1. d4 d6 2. c4 e5 3. Nf3 e4 4. Nfd2 f5 5. e3 Nf6 6. Nc3 Nc6 7. f3 exf3 8. Nxf3
g6 9. Bd3 Bg7 10. Qb3 Qe7 11. Bd2 Ne4 12. Bxe4 fxe4 13. Nd5 Qd8 14. Ng1 O-O 15.
O-O-O a5 16. Ne2 Bg4 17. Rde1 Bxe2 18. Rxe2 Rb8 19. Bc3 Rf7 20. Qb5 Nxd4 21.
exd4 c6 22. Qxa5 Qxa5 23. Bxa5 cxd5 24. cxd5 Bxd4 25. Rxe4 Rc8+ 26. Kb1 Be5 27.
Rc1 Rxc1+ 28. Kxc1 Rf1+ 29. Re1 Rxe1+ 30. Bxe1 Bxh2 31. Kc2 Be5 32. b4 Kf7 33.
a4 Ke7 34. Kd3 1/2-1/2

[Event "Tradewise Gibraltar Master 2015"]
[Site "Gibraltar ENG"]
[Date "2015.02.02"]
[Round "7.95"]
[White "Morais, Vitor"]
[Black "Amgalanbaatar, Ravdanlkhumbuu"]
[Result "1-0"]
[WhiteElo "1934"]
[BlackElo "2117"]
[PlyCount "131"]
[EventDate "2015.01.27"]
[EventType "swiss"]
[EventRounds "10"]
[EventCountry "ENG"]
[Source "lmi"]
[SourceDate "2015.01.27"]

1. Nc3 d6 2. g3 Nf6 3. Bg2 c6 4. d3 h6 5. Nf3 Bg4 6. O-O Qc8 7. Re1 Bh3 8. Bh1
Nbd7 9. e4 e5 10. d4 Be7 11. Nh4 g6 12. d5 cxd5 13. exd5 Ng4 14. Qd3 Nc5 15.
Qb5+ Qd7 16. Qxd7+ Kxd7 17. Ng2 f5 18. Ne3 Nf6 19. Nc4 g5 20. b3 f4 21. Ba3 b6
22. Rad1 h5 23. Bxc5 bxc5 24. a4 Rab8 25. Bg2 Bg4 26. Rd2 Rh6 27. f3 Bf5 28.
Nd1 Bf8 29. Nf2 Rh7 30. Ne4 Nxe4 31. fxe4 Bg6 32. gxf4 gxf4 33. Bh3+ Ke7 34.
Rg2 Rg7 35. Kf2 Bh7 36. Rxg7+ Bxg7 37. Rg1 Bf6 38. Kf3 Rb4 39. Be6 Rb8 40. Rg2
Rf8 41. Na5 Kd8 42. Nc6+ Kc7 43. Nxa7 Re8 44. Nb5+ Kb8 45. Nxd6 Rf8 46. Nc4 h4
47. d6 Re8 48. Bd5 h3 49. Rd2 Bg6 50. d7 Bh5+ 51. Kf2 Rf8 52. Be6 f3 53. Nxe5
Kc7 54. d8=Q+ Bxd8 55. Rd7+ Kb6 56. Nc4+ Kc6 57. Ne5+ Kb6 58. Rh7 Bh4+ 59. Kf1
Rd8 60. Nd7+ Kc6 61. Rxh5 Kd6 62. Bxh3 Be7 63. Rd5+ Kc7 64. Ne5 Rf8 65. Bf5 Bd6
66. Nxf3 1-0

[Event "Tradewise Gibraltar Master 2015"]
[Site "Gibraltar ENG"]
[Date "2015.02.02"]
[Round "7.96"]
[White "Kandic, Milan"]
[Black "Lochte, Szilvia"]
[Result "0-1"]
[WhiteElo "2101"]
[BlackElo "1934"]
[PlyCount "47"]
[EventDate "2015.01.27"]
[EventType "swiss"]
[EventRounds "10"]
[EventCountry "ENG"]
[Source "lmi"]
[SourceDate "2015.01.27"]

1. e4 c5 2. Nf3 e6 3. d3 Nc6 4. g3 d5 5. Qe2 d4 6. Bg2 e5 7. O-O Be7 8. a4 h5
9. h3 g5 10. Nfd2 Be6 11. Na3 Qd7 12. Kh2 O-O-O 13. Ndc4 Nf6 14. f4 h4 15. f5
hxg3+ 16. Kxg3 Bxc4 17. Nxc4 Rdg8 18. Kf2 g4 19. Rh1 Qd8 20. Bd2 Nh5 21. hxg4
Bh4+ 22. Kf3 Rxg4 23. Rh3 Qg8 24. Be1 0-1

[Event "Tradewise Gibraltar Master 2015"]
[Site "Gibraltar ENG"]
[Date "2015.02.02"]
[Round "7.97"]
[White "De Rosa, Mariagrazia"]
[Black "Burke, Mitchell R"]
[Result "1/2-1/2"]
[WhiteElo "2101"]
[BlackElo "1928"]
[PlyCount "60"]
[EventDate "2015.01.27"]
[EventType "swiss"]
[EventRounds "10"]
[EventCountry "ENG"]
[Source "lmi"]
[SourceDate "2015.01.27"]

1. d4 Nf6 2. c4 c5 3. d5 b5 4. cxb5 a6 5. e3 Bb7 6. Nc3 axb5 7. Bxb5 Qa5 8. Bd2
Qb6 9. Nf3 Nxd5 10. a4 Nf6 11. O-O Nc6 12. Qe2 e6 13. Rfd1 Be7 14. Be1 O-O 15.
e4 d6 16. h3 Rfd8 17. Rac1 Nd7 18. Qe3 Qc7 19. Nd2 Bf6 20. Nc4 Nde5 21. Qg3
Nxc4 22. Bxc4 Nd4 23. Kh1 Bc6 24. b3 Qb7 25. f3 Rab8 26. Rb1 Qc7 27. Bd2 Kh8
28. Be1 Qb7 29. Qf2 Qc7 30. Qa2 Qa7 1/2-1/2

[Event "Tradewise Gibraltar Master 2015"]
[Site "Gibraltar ENG"]
[Date "2015.02.02"]
[Round "7.98"]
[White "Hewson, Brian Wr"]
[Black "Gonzalez Espana, Maria Gabriel"]
[Result "1-0"]
[WhiteElo "2084"]
[BlackElo "1917"]
[PlyCount "71"]
[EventDate "2015.01.27"]
[EventType "swiss"]
[EventRounds "10"]
[EventCountry "ENG"]
[Source "lmi"]
[SourceDate "2015.01.27"]

1. d4 Nf6 2. c4 g6 3. f3 Bg7 4. e4 d6 5. Nc3 O-O 6. Be3 c6 7. Qd2 a6 8. Bd3 b5
9. cxb5 axb5 10. Nge2 b4 11. Nd1 Qa5 12. Bh6 Bxh6 13. Qxh6 Qh5 14. Qxh5 Nxh5
15. g4 Ng7 16. Ne3 Nd7 17. Kd2 Ba6 18. Rhc1 Bxd3 19. Kxd3 Ra6 20. a4 bxa3 21.
Rxa3 Rfa8 22. Rxc6 Rxa3+ 23. bxa3 Rxa3+ 24. Nc3 Ra7 25. Ned5 Nf8 26. Rc8 Nge6
27. Re8 g5 28. Nxe7+ Kg7 29. Nf5+ Kg6 30. Nxd6 Nf4+ 31. Kd2 N8e6 32. Nf5 h5 33.
d5 Nc5 34. gxh5+ Nxh5 35. Rh8 Nf6 36. Rh6# 1-0